Процесс управления ИТ активами; Современные технологии поддержки принятия решений в экономике

Bibliografiske detaljer
Parent link:Современные технологии поддержки принятия решений в экономике.— 2016.— [С. 93-94]
Hovedforfatter: Сыдыкова А. А.
Institution som forfatter: Национальный исследовательский Томский политехнический университет (ТПУ) Юргинский технологический институт (филиал) (ЮТИ) Кафедра информационных систем (ИС)
Andre forfattere: Разумников С. В. Сергей Викторович (научный руководитель)
Summary:Заглавие с титульного экрана
Sprog:russisk
Udgivet: 2016
Serier:Системный анализ, управление и обработка информации в экономике
Fag:
Online adgang:http://earchive.tpu.ru/handle/11683/34945
Format: MixedMaterials Electronisk Book Chapter
KOHA link:https://koha.lib.tpu.ru/cgi-bin/koha/opac-detail.pl?biblionumber=621162

MARC

LEADER 00000naa2a2200000 4500
001 621162
005 20231218173656.0
035 |a (RuTPU)RU\TPU\conf\19729 
035 |a RU\TPU\conf\19726 
090 |a 621162 
100 |a 20161205d2016 k y0rusy50 ca 
101 0 |a rus 
102 |a RU 
105 |a y z 101zy 
135 |a drgn ---uucaa 
181 0 |a i  
182 0 |a b 
200 1 |a Процесс управления ИТ активами  |f А. А. Сыдыкова  |g науч. рук. С. В. Разумников 
203 |a Текст  |c электронный 
225 1 |a Системный анализ, управление и обработка информации в экономике 
300 |a Заглавие с титульного экрана 
320 |a [Библиогр.: с. 94 (8 назв.)] 
463 0 |0 (RuTPU)RU\TPU\conf\19700  |t Современные технологии поддержки принятия решений в экономике  |o сборник трудов III Всероссийской научно-практической конференции студентов, аспирантов и молодых ученых, 24-25 ноября 2016 г., г. Юрга  |f Национальный исследовательский Томский политехнический университет (ТПУ), Юргинский технологический институт (ЮТИ) ; под ред. А. А. Захаровой  |v [С. 93-94]  |d 2016 
610 1 |a труды учёных ТПУ 
610 1 |a электронный ресурс 
610 1 |a управление 
610 1 |a ИТ-активы 
610 1 |a финансовые потоки 
610 1 |a жизненный цикл 
610 1 |a математическое моделирование 
610 1 |a информационный менеджмент 
700 1 |a Сыдыкова  |b А. А. 
702 1 |a Разумников  |b С. В.  |c специалист в области информатики и вычислительной техники  |c ассистент Юргинского технологического института (филиала) Томского политехнического университета  |f 1988-  |g Сергей Викторович  |4 727 
712 0 2 |a Национальный исследовательский Томский политехнический университет (ТПУ)  |b Юргинский технологический институт (филиал) (ЮТИ)  |b Кафедра информационных систем (ИС)  |3 (RuTPU)RU\TPU\col\18893 
801 2 |a RU  |b 63413507  |c 20161209  |g RCR 
856 4 |u http://earchive.tpu.ru/handle/11683/34945 
942 |c BK